Jupiter / (Record no. 3150)

MARC details
000 -LEADER
fixed length control field 00775cam a2200265 a 4500
005 - DATE AND TIME OF LATEST TRANSACTION
control field 20240214111702.0
020 ## - INTERNATIONAL STANDARD BOOK NUMBER
International Standard Book Number 9780531147610
040 ## - CATALOGING SOURCE
Original cataloging agency DLC
Transcribing agency DLC
Modifying agency DLC
Language of cataloging eng
050 10 - LIBRARY OF CONGRESS CALL NUMBER
Classification number QB661.T39
Item number 2008
082 00 - DEWEY DECIMAL CLASSIFICATION NUMBER
Classification number 523.45
100 1# - MAIN ENTRY--PERSONAL NAME
Personal name Taylor-Butler, Christine
245 10 - TITLE STATEMENT
Title Jupiter /
Statement of responsibility, etc. by Taylor-Butler, Christine
250 ## - EDITION STATEMENT
Edition statement Updated
260 ## - PUBLICATION, DISTRIBUTION, ETC.
Place of publication, distribution, etc. New York :
Name of publisher, distributor, etc. Children's Press,
Date of publication, distribution, etc. 2008
300 ## - PHYSICAL DESCRIPTION
Extent 24 pages :
Other physical details color illustrations ;
Dimensions 21 cm.
490 ## - SERIES STATEMENT
Series statement Scholastic News Nonfiction Readers
505 0# - FORMATTED CONTENTS NOTE
Formatted contents note K <br/>
520 ## - SUMMARY, ETC.
Summary, etc. A basic introduction to the planet Jupiter.
521 ## - TARGET AUDIENCE NOTE
Target audience note 520 <br/>
Source Lexile <br/>
521 ## - TARGET AUDIENCE NOTE
Target audience note K <br/>
Source Raz-Plus <br/>
650 ## - SUBJECT ADDED ENTRY--TOPICAL TERM
Topical term or geographic name entry element planets
Form subdivision non-fiction
906 ## - LOCAL DATA ELEMENT F, LDF (RLIN)
a 7
b cbc
c orignew
d 1
e ecip
f 20
g y-gencatlg
942 ## - ADDED ENTRY ELEMENTS (KOHA)
Source of classification or shelving scheme Dewey Decimal Classification
Koha item type Books
Suppress in OPAC No
999 ## -
-- 3150
-- 3150
Holdings
Withdrawn status Lost status Source of classification or shelving scheme Damaged status Not for loan Collection Home library Current library Shelving location Date acquired Total Checkouts Full call number Barcode Date last seen Date last checked out Price effective from Koha item type Copy number
    Dewey Decimal Classification     Non-Fiction Footprints International School Library Network Toul Kork Campus Footprints International School Library Network Toul Kork Campus TK Primary Library Room(4th Floor), Bookcase 3&4, Shelves 17-32, Yellow Books 01/08/2025   TAY 523.45 QB661.T39 FISTK00665 01/08/2025   01/08/2025 Books 2
    Dewey Decimal Classification     Non-Fiction Footprints International School Library Network Toul Kork Campus Footprints International School Library Network Toul Tom Poung Campus   02/14/2024 2 TAY 523.45 QB661.T39 FISBK05866 10/22/2025 10/08/2025 02/14/2024 Books